Manorama Year Book 2021 (Record no. 10943)

MARC details
000 -LEADER
fixed length control field 00373nam a22001577a 4500
003 - CONTROL NUMBER IDENTIFIER
control field OSt
008 - FIXED-LENGTH DATA ELEMENTS--GENERAL INFORMATION
fixed length control field 210915b ||||| |||| 00| 0 eng d
020 ## - INTERNATIONAL STANDARD BOOK NUMBER
International Standard Book Number 9789389649581
082 ## - DEWEY DECIMAL CLASSIFICATION NUMBER
Classification number 923.2
Item number MAM
100 ## - MAIN ENTRY--PERSONAL NAME
Personal name MATHEW, Mammen
245 ## - TITLE STATEMENT
Title Manorama Year Book 2021
260 ## - PUBLICATION, DISTRIBUTION, ETC. (IMPRINT)
Name of publisher, distributor, etc Malayala Manorama
Date of publication, distribution, etc 2021
Place of publication, distribution, etc New Delhi
300 ## - PHYSICAL DESCRIPTION
Extent 1039
650 ## - SUBJECT ADDED ENTRY--TOPICAL TERM
Topical term or geographic name as entry element Yearbook
942 ## - ADDED ENTRY ELEMENTS (KOHA)
Source of classification or shelving scheme Dewey Decimal Classification
Koha item type Text Books
Holdings
Withdrawn status Lost status Source of classification or shelving scheme Damaged status Not for loan Collection code Home library Current library Date acquired Source of acquisition Currency Cost, normal purchase price Bill Number Total Checkouts Full call number Acc. no. / Barcode Date last seen Actual Cost, discounted price Bill Date Koha item type Public note
    Dewey Decimal Classification     GENERAL PIET C-LIBRARY PIET C-LIBRARY 16/09/2021 Kirti Prakashan IN Rupees 300.00 IN2509   923.2 MAM 33217 29/09/2021 285.00 16/09/2021 Text Books Handbook

Design & Developed by: PIET Central Library
R70 Miles Stone Pattikalyana Samalkha Panipat 132102
mail ID :- [email protected], Phone No:- 0180-2569700 Ex.216